000
00322nam a2200145Ia 4500
008
220204s9999 xx 000 0 und d
082
_a
633.72
_b
EDE
100
_a
EDEN, T
245
0
_a
Tea
250
_a
Ed.3
260
_a
London
_b
Longman
_c
1965
490
_a
Tropical agriculture series
650
_a
Tea
942
_c
BK
999
_c
27205
_d
27205